000 00303nam a22001337a 4500
008 171020b xxu||||| |||| 00| 0 eng d
020 _a9780840062185
041 _aeng
080 _a338
100 _a54
101 _aMIS
245 _aFUNDAMENTALS OF INFORMATION SYSTEMS
_cSTAIR, R
942 _2udc
_cBK
999 _c35104
_d35104